Statistiques concernant Mots les plus courants dans les titres de quiz JetPunk

Cliquez ici pour prendre le quiz!

Statistiques générales

  • Ce quiz a été pris 10 550 fois
    (10 533 depuis la dernière actualisation)
  • Le résultat moyen est 15 sur 30

Statistiques - réponses

#Mots% Correct
1pays
92%
19le
88%
2de
84%
21a/à
81%
7la
80%
4les
78%
17un/1
64%
5monde
63%
11des
62%
12quiz
62%
10plus
59%
3du
58%
22ville(s)
58%
25drapeau(x)
50%
24Europe
50%
6par
50%
18France
49%
16une
49%
8carte
48%
9en
40%
23capitale(s)
39%
20Etat(s)
38%
15sur
36%
27avec
30%
14lettre(s)
30%
13aléatoire(s)
27%
28français
18%
29personnage(s)
13%
26seconde(s)
10%
30commençant
9%

Distribution des résultats

Percentile par nombre de réponses

% des personnes avec chaque résultat

Votre développement - résultats

Vous n’avez pas pris ce quiz depuis la dernière actualisation